Plena marea
Tallennettuna:
| Päätekijä: | |
|---|---|
| Aineistotyyppi: | Kirja |
| Kieli: | espanja |
| Julkaistu: |
Santiago
La Noria
2002
|
| Aiheet: | |
| Tagit: |
Lisää tagi
Ei tageja, Lisää ensimmäinen tagi!
|
MARC
| LEADER | 00000nam a2200000 a 4500 | ||
|---|---|---|---|
| 001 | UCL6095 | ||
| 003 | CL-VaPUC | ||
| 008 | 040326e20020000cl |||||||||||||||||spa|d | ||
| 020 | |a 9567343314 | ||
| 082 | 0 | 4 | |a Ch861 |b ESC |2 21 |
| 100 | 0 | |a Escorza Balasch, Nuri |e author |9 483848 | |
| 245 | 1 | 0 | |a Plena marea |
| 300 | |a 97 p | ||
| 942 | |c BK | ||
| 945 | |d 20040326 00:00:00 |a cmena | ||
| 260 | |a Santiago |b La Noria |c 2002 | ||
| 650 | 0 | |a Poesías chilenas |9 265280 | |
| 650 | 0 | |a Literatura chilena |9 308278 | |
| 583 | |a last modification |c 20171120 01:28:02 |k Rodrigo Vera | ||
| 999 | |c 308367 |d 308365 | ||
| 952 | |0 0 |1 0 |4 0 |6 CH_861_000000000000000_ESC_2002 |7 0 |8 A |9 374868 |a BIBEDU |b BIBEDU |c ES_NOD |d 2019-11-21 |i 3988333 |o Ch861 ESC 2002 |p 3988333 |r 2023-08-09 |w 2019-11-21 |y BK |k LIT | ||